00833nam a2200253Ia 4500001000500000003000500005005001700010008004100027010001100068040000900079090001700088100008300105245012600188260003500314300001900349650002600368901001600394902000600410910000900416942001600425942001600441999001900457952010300476Z_43CHAP20220920194140.0220113s1987 xx 000 0 und d a163009 cCHAP aFolleto 177  aGroupement National Interprofessionnel des Semences et Plants. París9137226 aLes graminées fourragéres á gros rendement mais de courte dureé: les ray-grass d' italie et hybrides /cpar GNIS aParis :bLe Groupement,c1987 a12 p. : tablas aLolium perenne967505 aFolleto 177 aA a1987 cFOLL2local cFOLL2local c163009d163009 00102local40708FOLLaZbZc3d2005-11-09l0pz_A0021r2022-01-18 00:00:00t1w2022-01-18yFOLL